Statistiques concernant Pays d'Europe en 1444

Cliquez ici pour prendre le quiz!

Statistiques générales

  • Ce quiz a été pris 304 fois
    (146 depuis la dernière actualisation)
  • Le résultat moyen est 46 sur 129

Statistiques - réponses

HintRéponse% Correct
France
94%
Ecosse
89%
Grande-BretagneAngleterre
88%
Portugal
81%
Norvège
80%
Suède
80%
Europe du NordDanemark
77%
Empire Ottoman
74%
Castille
71%
Pologne
71%
Venise
71%
ItalieEtats Pontificaux
70%
Hongrie
70%
Autriche
69%
IbérieAragon
68%
Savoie
67%
Europe de l'ouestBourgogne
66%
Naples
66%
Lituanie
65%
Suisse
64%
Milan
63%
Navarre
63%
Bavière
61%
Bretagne
61%
Gênes
59%
Serbie
58%
Grenade
56%
Moldavie
56%
Florence
55%
Bohème
54%
Saxe
53%
Grèce et BalkansAlbanie
52%
Bosnie
52%
Byzance
52%
Moscovie
49%
Provence
49%
Hambourg
48%
Hollande
47%
Munster
46%
Brandebourg
44%
Münster
44%
Novgorod
44%
Lorraine
43%
Athènes
42%
Flandres
42%
Valachie
42%
Cologne
41%
Poméranie
40%
Ulster
40%
Alsace
39%
Crimée
39%
Ordre de Livonie
39%
Ordre Teutonique
39%
Sienne
39%
Francfort
38%
Horde d'Or
38%
Brabant
36%
Lübeck
34%
Ferrare
33%
Raguse
33%
Bade
32%
Holstein
31%
Leinster
31%
Chypre
30%
Frise orientale
30%
Kazan
30%
Palatinat
30%
Ulm
30%
Frise
29%
Perm
29%
Riga
29%
Liège
27%
Mantoue
27%
Circassie
26%
Hospitaliers
26%
Lucques
26%
Ryazan
26%
Brême
25%
Trèves
25%
Wurtemberg
25%
Nivernais
24%
Mayence
23%
Mecklembourg
23%
Urbino
23%
Brunswick
22%
Desmond
22%
Mazovie
22%
Theodoros
22%
Saint-Empire romain germaniqueAix-la-Chapelle
21%
Lünebourg
21%
Pskov
21%
Salzbourg
21%
Nogaï
20%
Tver
20%
Utrecht
20%
Corfou
19%
Montferrat
19%
Naxos
19%
Nüremberg
19%
Anhalt
18%
IrlandeConnacht
18%
Gueldre
18%
Hesse
18%
Silésie
18%
Oldenbourg
17%
Augsbourg
16%
Magdebourg
15%
Saxe-Lauenbourg
15%
Clèves
13%
Kildare
13%
Sligo
13%
Europe de l'EstBeloozero
11%
Tyrone
11%
Odoïev
10%
Verden
10%
CaucaseAvars
9%
Offaly
9%
Ormond
9%
Shirvan
9%
Memmingen
8%
Nassau
8%
Ansbach
7%
Iaroslavl
7%
Ravensbourg
7%
Tyrconnell
7%
Dithmarschen
6%
Gazikumukh
6%
Rostov
6%
Wurzbourg
4%

Distribution des résultats

Percentile par nombre de réponses

% des personnes avec chaque résultat

Votre développement - résultats

Vous n’avez pas pris ce quiz depuis la dernière actualisation